Multiple Choice - European Countries - Statistics

General Stats
  • This quiz has been taken 28 times
  • The average score is 8 of 10
Answer Stats
Question Answer % Correct
Select Portugal
100%
Select Albania
100%
Select Italy
100%
Select Poland
100%
Select Slovakia
100%
Select Germany
100%
Select Switzerland
50%
Select Denmark
50%
Select Estonia
50%
Select Andorra
0%
No matching quizzes found
Score Distribution
Percent of People with Each Score
Percentile by Number Answered
Your Score History
You have not taken this quiz